Statistiques concernant Tous les pokémon de Tanguy

Cliquez ici pour prendre le quiz!

Statistiques générales

  • Ce quiz a été pris 19 fois
  • Le résultat moyen est 8 sur 14

Statistiques - réponses

HintRéponse% Correct
Diamant & PerleRaichu
93%
Elekable
87%
Luxray
87%
PlatineVoltali
80%
Electrode
73%
Magnézone
60%
Octillery
60%
Lanturn
53%
Noir2 & Blanc2Motisma (Normal,Hélice,
Lavage & Chaleur)
53%
Capidextre
47%
Electhor
47%
Diamant étincelant
& Perle scintillante
Békipan
27%
Laggron
13%
Léviator
13%

Distribution des résultats

Percentile par nombre de réponses

% des personnes avec chaque résultat

Votre développement - résultats

Vous n’avez pas pris ce quiz